| 000 | 00761nam a22002297a 4500 | ||
|---|---|---|---|
| 999 |
_c101491 _d101491 |
||
| 005 | 20181212123613.0 | ||
| 010 | _aENG-115541 | ||
| 020 |
_a9789351480549 _c990.00 |
||
| 020 |
_a9651480542 _c990.00 |
||
| 035 | _aEN-99073 | ||
| 037 | _bDBAD/PUB | ||
| 082 | _a280.62 | ||
| 245 |
_aEkklesia Indian conversation : _cedited by Samuel George,H. Joseph Lalfakmawia [and] Ajungla Jamir _ba study of the Church / |
||
| 260 |
_aNew Delhi _bChristian World Imprints _c2015 |
||
| 270 |
_aH-12,Bali Nagar _bNew Delhi _e110015 |
||
| 300 |
_axviii,385p. _c25cm(Hb) |
||
| 500 | _aIncludes bibliographical references index | ||
| 700 | _aGeorge, Samuel | ||
| 700 | _aLalfakmawia,H. Joseph | ||
| 700 | _aJamir Ajungla | ||
| 942 |
_2ddc _cEN _h280.62 _mEKK |
||